Normal view
MARC view
- تدريس. الفصول الدراسية-إدارة
Entry Topical Term
001 - CONTROL NUMBER
- control field: 8757
003 - CONTROL NUMBER IDENTIFIER
- control field: JO-AjAnu
005 - DATE AND TIME OF LATEST TRANSACTION
- control field: 20230606071718.0
008 - FIXED-LENGTH DATA ELEMENTS
- fixed length control field: 230606|| aca||aabn | a|a d
040 ## - CATALOGING SOURCE
- Original cataloging agency: JO-AjAnu
- Transcribing agency: JO-AjAnu
150 ## - HEADING--TOPICAL TERM
- Topical term or geographic name entry element: تدريس. الفصول الدراسية-إدارة
670 ## - SOURCE DATA FOUND
- Source citation: Work cat.: (JO-AjAnu)4519: كرونلوند،نورمان ي/حسن،عادل محمود مترجم/الجميلي،أكرم مترجم , author 8756, صياغة الأهداف لأغراض التدريس الصفي=Stating Objectives For Classroom Instrnction